| 000 | 00724nam a22002177a 4500 | ||
|---|---|---|---|
| 003 | 0 | ||
| 005 | 20260204143141.0 | ||
| 008 | 260204b xxu||||| |||| 00| 0 eng d | ||
| 020 | _a978-971-009-026-6 | ||
| 050 |
_aFIL 306.874 _bMe494 2009 |
||
| 082 |
_aFIL 306.874 _bMe494 2009 |
||
| 100 | _aPangilinan, Maricel Laxa- | ||
| 245 |
_aMeet my superdad _cStory by Maricel Laxa-Pangilinan; illustrations by Isa Natividad |
||
| 260 |
_aMandaluyong City : _bHiyas, _c2009. |
||
| 300 |
_a32 pages : _bcolored illustrations ; _c23 cm. |
||
| 546 | _ain English | ||
| 650 |
_aFathers and children _vJuvenile literature. |
||
| 650 |
_aFatherhood _vJuvenile literature. |
||
| 650 |
_aFamilies _vJuvenile literature. |
||
| 942 |
_2ddc _cBK |
||
| 999 |
_c368783 _d368783 |
||